|
|
|
|
| LEADER |
00000naa2a2200000 4500 |
| 001 |
426324 |
| 005 |
20231101074518.0 |
| 035 |
|
|
|a (RuTPU)RU\TPU\prd\85059
|
| 035 |
|
|
|a RU\TPU\prd\41697
|
| 090 |
|
|
|a 426324
|
| 100 |
|
|
|a 20100702a2005 k y0rusy50 ca
|
| 101 |
0 |
|
|a rus
|
| 102 |
|
|
|a RU
|
| 200 |
1 |
|
|a Преемственность при выборе решений по конструкции активной зоны ВВЭР-1500
|f И. Н. Васильченко [и др.]
|
| 225 |
1 |
|
|a Статьи
|
| 461 |
|
0 |
|0 (RuTPU)RU\TPU\prd\33
|x 0004-7163
|t Атомная энергия
|o теоретический и научно-технический журнал
|f Российская академия наук ; Министерство РФ по атомной энергии, ядерного общества
|d 1956-
|
| 463 |
|
0 |
|0 (RuTPU)RU\TPU\prd\85058
|t Т. 99, вып. 6
|v с. 412-416
|d 2005
|
| 610 |
1 |
|
|a атомные электрические станции
|
| 610 |
1 |
|
|a ВВЭР-1500
|
| 610 |
1 |
|
|a преемственность
|
| 610 |
1 |
|
|a инновационные решения
|
| 610 |
1 |
|
|a активные зоны
|
| 610 |
1 |
|
|a конструкции
|
| 610 |
1 |
|
|a реакторные установки
|
| 610 |
1 |
|
|a снижение затрат
|
| 610 |
1 |
|
|a аппробированные решения
|
| 610 |
1 |
|
|a надёжность
|
| 610 |
1 |
|
|a безопасность
|
| 610 |
1 |
|
|a модернизация
|
| 610 |
1 |
|
|a водо-водяные энергетические реакторы
|
| 675 |
|
|
|a 621.039.53
|v 3
|
| 701 |
|
1 |
|a Васильченко
|b И. Н.
|
| 701 |
|
1 |
|a Кобелев
|b С. Н.
|
| 701 |
|
1 |
|a Вьялицын
|b В. В.
|
| 701 |
|
1 |
|a Мальчевский
|b Д. В.
|
| 801 |
|
1 |
|a RU
|b 63413507
|c 20060301
|g PSBO
|
| 801 |
|
2 |
|a RU
|b 63413507
|c 20100702
|g PSBO
|
| 942 |
|
|
|c BK
|